000 00757nam a2200169 a 4500
008 161026s2004 ||||||||||||||||| || u
020 _a9789211250909
050 _aUNECA(02)2004/
110 _aUnited Nations Economic Commission For Africa(UNECA)
245 1 0 _aAssessing regional integration in Africa
_cUnited Nations Economic Commission For Africa [UNECA]
260 _aAddis Ababa:
_bUnited Nations Economic Commisson for Africa (UNECA)
_c2004
300 _axii, 278p. : ill.
350 _a0.00
500 _aIncludes references
650 0 _aAFRICA--ECONOMIC INTEGRATION
995 _D0.00
_FCBU-MAIN LIBRARY (Kitwe)
_H1
_I0.00
_M1
_UAVAILABLE
_WMay 16, 2011
_ZInternational Publications
999 _c34957
_d34957